000 00573nam a2200169Ia 4500
008 090201s9999 xx 000 0 und d
010 _aKPL-17998
040 _bमराठी
041 _aमराठी
082 _a8808
_b17998
100 _aदुर्गा भागवत
245 _aसिध्दार्थ जातक भाग 1ला
_cदुर्गा भागवत
260 _c2004
_bवरदा बुक्स
300 _a112
_bमोठा
600 _aसिध्दार्थ जातक भाग 1ला
942 _cBOOK
999 _c209363
_d209363